000 00785cam a22002531 4500
001 2916
003 BD-RjUL
005 20211208233637.0
008 131217s1953 enka 000 0 eng
035 _a(BD-RjUL)2944
035 _a(OCoLC)960961
040 _aDLC
_cCtWeharU
_dOCoLC
_dUk
_dDLC
_dBD-RjUL
_beng
041 _aeng
082 _a336.24
_bSHP 1953
100 1 _aShehab, F.
_99331
245 1 0 _aProgressive taxation :
_ba study in the development of the progressive principle in the British income tax /
260 _aOxford :
_bClarendon Press,
_c1953.
300 _a299 p. :
_bill. ;
_c22 cm.
504 _aIncludes Index & Bibliography.
650 0 _aIncome tax
_zGreat Britain.
_99332
650 0 _aProgressive taxation.
_99307
942 _2ddc
_cBK
999 _c2916
_d2916